Dix on contracts of employment: (Record no. 376)
[ view plain ]
| 000 -LEADER | |
|---|---|
| fixed length control field | 01170cam a2200349 4500 |
| 001 - CONTROL NUMBER | |
| control field | 3617804 |
| 003 - CONTROL NUMBER IDENTIFIER | |
| control field | OSt |
| 005 - DATE AND TIME OF LATEST TRANSACTION | |
| control field | 20150610115934.0 |
| 008 - FIXED-LENGTH DATA ELEMENTS--GENERAL INFORMATION | |
| fixed length control field | 730522s1972 enk 001 0 eng |
| 010 ## - LIBRARY OF CONGRESS CONTROL NUMBER | |
| LC control number | 73160180 |
| 015 ## - NATIONAL BIBLIOGRAPHY NUMBER | |
| National bibliography number | B73-01177 |
| 020 ## - INTERNATIONAL STANDARD BOOK NUMBER | |
| International Standard Book Number | 040617802X |
| 040 ## - CATALOGING SOURCE | |
| Original cataloging agency | DLC |
| Transcribing agency | DLC |
| Modifying agency | DLC |
| 043 ## - GEOGRAPHIC AREA CODE | |
| Geographic area code | e-uk--- |
| 050 00 - LIBRARY OF CONGRESS CALL NUMBER | |
| Classification number | KD3096 |
| Item number | .W3 1972 |
| 082 00 - DEWEY DECIMAL CLASSIFICATION NUMBER | |
| Classification number | 346.024 CRU |
| 100 1# - MAIN ENTRY--PERSONAL NAME | |
| Personal name | Waddy, Dorothy Knight, |
| Dates associated with a name | 1908-1970. |
| 9 (RLIN) | 1109 |
| 245 10 - TITLE STATEMENT | |
| Title | Dix on contracts of employment: |
| Remainder of title | with special reference to the Contracts of Employment, Redundancy Payments and Industrial Relations Acts. |
| 250 ## - EDITION STATEMENT | |
| Edition statement | 4th ed.; |
| Remainder of edition statement | by D. W. Crump. |
| 260 ## - PUBLICATION, DISTRIBUTION, ETC. (IMPRINT) | |
| Place of publication, distribution, etc | London, |
| Name of publisher, distributor, etc | Butterworths, |
| Date of publication, distribution, etc | 1972. |
| 300 ## - PHYSICAL DESCRIPTION | |
| Extent | xli, 643 p. |
| Dimensions | 23 cm. |
| 350 ## - PRICE (NR) (BK AM CF MU VM SE) [OBSOLETE] | |
| Price | £6.00 |
| 500 ## - GENERAL NOTE | |
| General note | Includes legislation. |
| 650 #0 - SUBJECT ADDED ENTRY--TOPICAL TERM | |
| Topical term or geographic name as entry element | Labor contract |
| Geographic subdivision | Great Britain. |
| 9 (RLIN) | 1110 |
| 650 #0 - SUBJECT ADDED ENTRY--TOPICAL TERM | |
| Topical term or geographic name as entry element | Severance pay |
| General subdivision | Law and legislation |
| Geographic subdivision | Great Britain. |
| 9 (RLIN) | 1111 |
| 650 #0 - SUBJECT ADDED ENTRY--TOPICAL TERM | |
| Topical term or geographic name as entry element | Labor laws and legislation |
| Geographic subdivision | Great Britain. |
| 9 (RLIN) | 1112 |
| 700 1# - ADDED ENTRY--PERSONAL NAME | |
| Personal name | Crump, D. W. |
| 9 (RLIN) | 1113 |
| 710 1# - ADDED ENTRY--CORPORATE NAME | |
| Corporate name or jurisdiction name as entry element | Great Britain. |
| Form subheading | Laws, statutes, etc. |
| 9 (RLIN) | 1114 |
| 740 ## - ADDED ENTRY--UNCONTROLLED RELATED/ANALYTICAL TITLE | |
| Uncontrolled related/analytical title | Contracts of employment. |
| 906 ## - LOCAL DATA ELEMENT F, LDF (RLIN) | |
| a | 7 |
| b | cbc |
| c | orignew |
| d | 3 |
| e | ncip |
| f | 19 |
| g | y-gencatlg |
| 942 ## - ADDED ENTRY ELEMENTS (KOHA) | |
| Source of classification or shelving scheme | Dewey Decimal Classification |
| Koha item type | Books |
| Withdrawn status | Lost status | Source of classification or shelving scheme | Damaged status | Not for loan | Home library | Current library | Shelving location | Date acquired | Total Checkouts | Full call number | Barcode | Date last seen | Price effective from | Koha item type |
|---|---|---|---|---|---|---|---|---|---|---|---|---|---|---|
| Dewey Decimal Classification | Law Development Centre Main Library | Law Development Centre Main Library | Text Books and Laws | 04/13/2011 | 346.024 CRU | 2011/2312 | 04/13/2011 | 04/13/2011 | Books |
